<?xml version="1.0" encoding="UTF-8"?>
<record
    xmlns:xsi="http://www.w3.org/2001/XMLSchema-instance"
    xsi:schemaLocation="http://www.loc.gov/MARC21/slim http://www.loc.gov/standards/marcxml/schema/MARC21slim.xsd"
    xmlns="http://www.loc.gov/MARC21/slim">

  <leader>00456nam a22001457a 4500</leader>
  <controlfield tag="005">20170110103659.0</controlfield>
  <controlfield tag="008">170110b        xxu||||| |||| 00| 0 eng d</controlfield>
  <datafield tag="040" ind1=" " ind2=" ">
    <subfield code="c">PK-LaUMT</subfield>
  </datafield>
  <datafield tag="082" ind1=" " ind2=" ">
    <subfield code="a">297.4</subfield>
    <subfield code="b">MUH-S</subfield>
  </datafield>
  <datafield tag="100" ind1=" " ind2=" ">
    <subfield code="a">&#x645;&#x62D;&#x645;&#x62F; &#x630;&#x648;&#x642;&#x6CC;</subfield>
  </datafield>
  <datafield tag="245" ind1=" " ind2=" ">
    <subfield code="a">&#x633;&#x631;&#x62F;&#x644;&#x628;&#x631;&#x627;&#x6BA;</subfield>
    <subfield code="b">&#x62E;&#x648;&#x634;&#x62A;&#x631;&#x622;&#x6BA; &#x628;&#x627;&#x634;&#x62F; &#x6A9;&#x6C1; &#x633;&#x631; &#x62F;&#x644;&#x628;&#x631;&#x627;&#x6BA; &#x6AF;&#x641;&#x62A;&#x6C1; &#x622;&#x6CC;&#x62F;&#x62F;&#x631; &#x62D;&#x62F;&#x6CC;&#x62B; &#x62F;&#x6CC;&#x6AF;&#x631;&#x627;&#x6BA;</subfield>
    <subfield code="c">&#x645;&#x62D;&#x645;&#x62F; &#x630;&#x648;&#x642;&#x6CC;</subfield>
  </datafield>
  <datafield tag="260" ind1=" " ind2=" ">
    <subfield code="a">&#x644;&#x627;&#x6C1;&#x648;&#x631;</subfield>
    <subfield code="b">&#x627;&#x644;&#x641;&#x6CC;&#x635;&#x644;</subfield>
    <subfield code="c">2008</subfield>
  </datafield>
  <datafield tag="300" ind1=" " ind2=" ">
    <subfield code="a">576 &#x635;</subfield>
  </datafield>
  <datafield tag="942" ind1=" " ind2=" ">
    <subfield code="c">BK</subfield>
  </datafield>
  <datafield tag="999" ind1=" " ind2=" ">
    <subfield code="c">89978</subfield>
    <subfield code="d">89978</subfield>
  </datafield>
  <datafield tag="952" ind1=" " ind2=" ">
    <subfield code="0">0</subfield>
    <subfield code="1">0</subfield>
    <subfield code="4">0</subfield>
    <subfield code="7">0</subfield>
    <subfield code="a">01</subfield>
    <subfield code="b">01</subfield>
    <subfield code="d">2017-01-10</subfield>
    <subfield code="l">0</subfield>
    <subfield code="o">297.4 MUH-S</subfield>
    <subfield code="p">103806</subfield>
    <subfield code="r">2017-01-10 00:00:00</subfield>
    <subfield code="w">2017-01-10</subfield>
    <subfield code="y">BK</subfield>
  </datafield>
</record>
